| 000 | 01095cam a2200277 4500 | ||
|---|---|---|---|
| 001 | J121817 | ||
| 008 | 030331n2003 000 0 eng u | ||
| 035 | _a(Sirsi) u121817 | ||
| 041 | _aeng | ||
| 050 |
_a692.8 _c18 |
||
| 110 |
_aJoint Contracts Tribunal _93664 |
||
| 240 | _aDSC/A/SC 2002 | ||
| 245 |
_aJCT standard form of domestic sub-contract 2002 edition _bfor use with the Standard form of building contract 1998 edition incorporating a Sectional completion supplement and Amendments 1:1999, 2:2000, 3:2001, 4:2002. Sub-contract agreement (Agreement DSC/A/SC). |
||
| 260 |
_aBirmingham _bConstruction Industry Publications _c2003 |
||
| 300 |
_a20p. _c30cm. |
||
| 350 | _a25 | ||
| 490 |
_aJCT DSC/A/SC _v2002 (Agreement) |
||
| 650 | _aSUBCONTRACTORS | ||
| 650 | _aCONTRACT AGREEMENTS | ||
| 650 | _aDOMESTIC SUBCONTRACTS | ||
| 650 | _aBUILT ENVIRONMENT-BUILDING CONTRACT FORMS-STANDARD FORMS OF BUILDING CONTRACT-JOINT CONTRACTS TRIBNUAL CONTRACTS | ||
| 650 | _aSUBCONTRACTS | ||
| 650 | _aDSC/A/SC 2002 | ||
| 690 | _aBUILT ENVIRONMENT-BUILDING CONTRACT FORMS | ||
| 942 | _n0 | ||
| 999 |
_c102749 _d102749 |
||